000 00683nas a2200241 i 4500
001 31
003 ES-MaACL
005 20250731030149.0
007 t|
008 950801d19451949sp m| | 1 ||pa d
080 _a63
245 0 0 _aAger
_b: revista agropecuaria /
_cdir. Romualdo Vidosa González.
260 _aMadrid :
_bedit. A.N. de P.A,
_c1945-1949.
300 _a4 v. ;
_c31 cm.
310 _aMensual
362 0 _aAño I (ene. 1945)-(1949)
650 1 7 _aAgricultura
_2embne
_99670
700 1 _aVidosa González, Romualdo,
_9227344
852 _aES-MaACL
_933
_jHEM-D-124
_dOlim: Hem-1322
_cDEPO2
866 0 _o1945-48(1949)
942 _2udc
999 _c31
_d31